[Event "13. Olimpiada por Equipos de Ajedrecist"]
[Site "Heraklio GRE"]
[Date "2008.10.28"]
[Round "9.10"]
[White "Holmela, Kari"]
[Black "Harnandan, Sergio"]
[Result "1/2-1/2"]
[WhiteElo "1933"]
[BlackElo "1400"]
[PlyCount "112"]
[EventDate "2008.10.18"]
[EventType "team-"]
[EventRounds "9"]
[EventCountry "GRE"]
[Source "lmi"]
[SourceDate "2008.10.19"]

1. d4 Nf6 2. Nc3 d5 3. Bg5 e6 4. Nf3 Be7 5. e3 Nbd7 6. Bd3 c5 7. O-O h6 8. Bxf6
Nxf6 9. Re1 c4 10. Bf1 Bd7 11. a3 O-O 12. e4 b5 13. e5 Nh7 14. Re3 a5 15. Ne2
f5 16. exf6 Nxf6 17. Ng3 Bd6 18. Ne5 Bxe5 19. dxe5 Nh7 20. Qg4 Qg5 21. Qxg5
Nxg5 22. c3 Be8 23. h4 Nh7 24. Ne2 Bg6 25. Nd4 Bf5 26. Nxb5 Rab8 27. a4 g5 28.
hxg5 Nxg5 29. Be2 Bc2 30. Bd1 Bd3 31. Rc1 Ne4 32. Rf3 Rxf3 33. Bxf3 Nc5 34. Bd1
Kf7 35. Bh5+ Ke7 36. Bd1 Bg6 37. Nd4 Rxb2 38. Nc6+ Kd7 39. Nd4 Nd3 40. Rc2 Rb1
41. Rd2 Nb2 42. Rxb2 Rxb2 43. Bg4 Bf7 44. f4 h5 45. Bh3 Rd2 46. Kf1 Ra2 47. f5
exf5 48. Bxf5+ Ke8 49. e6 Rxa4 50. exf7+ Kxf7 51. Be6+ Kf6 52. Bxd5 Ke5 53. Bf7
Ra1+ 54. Ke2 Ra2+ 55. Ke3 Rxg2 56. Nc6+ Kf6 1/2-1/2

[Event "13. Olimpiada por Equipos de Ajedrecist"]
[Site "Heraklio GRE"]
[Date "2008.10.28"]
[Round "9.10"]
[White "Tonteri, Ari"]
[Black "Van Loy, Rick"]
[Result "1-0"]
[WhiteElo "1986"]
[BlackElo "1997"]
[PlyCount "51"]
[EventDate "2008.10.18"]
[EventType "team-"]
[EventRounds "9"]
[EventCountry "GRE"]
[Source "lmi"]
[SourceDate "2008.10.19"]

1. e4 e5 2. Nf3 Nc6 3. d4 exd4 4. Nxd4 Nf6 5. Nxc6 bxc6 6. e5 Qe7 7. Qe2 Nd5 8.
c4 Ba6 9. b3 g5 10. g3 Bg7 11. Bb2 O-O-O 12. Bg2 Rhe8 13. O-O f5 14. Re1 Kb8
15. Qd2 Nb6 16. Qa5 Bb7 17. Na3 h5 18. b4 g4 19. b5 Qc5 20. Rad1 Rxe5 21. Bxe5
Bxe5 22. Rd3 Nxc4 23. Nxc4 Qxc4 24. Qd2 Qe6 25. Rde3 Qh6 26. bxc6 1-0

[Event "13. Olimpiada por Equipos de Ajedrecist"]
[Site "Heraklio GRE"]
[Date "2008.10.28"]
[Round "9.13"]
[White "Johansen, Kai Roger"]
[Black "Eros, Pal"]
[Result "1/2-1/2"]
[WhiteElo "2069"]
[BlackElo "2071"]
[PlyCount "113"]
[EventDate "2008.10.18"]
[EventType "team-"]
[EventRounds "9"]
[EventCountry "GRE"]
[Source "lmi"]
[SourceDate "2008.10.19"]

1. c4 Nf6 2. d4 g6 3. Nc3 Bg7 4. e4 d6 5. Nf3 O-O 6. Be2 Nbd7 7. O-O e5 8. dxe5
dxe5 9. h3 c6 10. Be3 Qc7 11. Qc2 Re8 12. Rfd1 b6 13. b4 Bb7 14. a3 Rad8 15.
Rac1 Nf8 16. c5 b5 17. a4 a6 18. Rxd8 Rxd8 19. Rd1 Ne6 20. Rxd8+ Qxd8 21. Qd1
Qxd1+ 22. Bxd1 Nh5 23. g3 Bc8 24. Kg2 Kf8 25. Ng5 Nxg5 26. Bxg5 Nf6 27. g4 Be6
28. Be2 h6 29. Bc1 Ke7 30. f3 Ne8 31. Bd3 Bb3 32. a5 Kd7 33. Be3 Nc7 34. Ne2
Ne6 35. Kf2 g5 36. Ng3 Nf4 37. Bf1 Be6 38. Nf5 Bf8 39. Kg3 f6 40. h4 Bb3 41. h5
Be6 42. Kf2 Bxf5 43. exf5 Nd5 44. Bd2 Ke7 45. Ke2 Nc7 46. Kd3 Bg7 47. Ke4 Kd7
48. Be2 Ke7 49. Bd1 Kd7 50. Bb3 Ke7 51. Bc3 Kd7 52. Bb2 Ke7 53. Bg8 Bh8 54. Ba2
Bg7 55. Bb3 Bh8 56. Bc3 Bg7 57. Bb2 1/2-1/2

[Event "13. Olimpiada por Equipos de Ajedrecist"]
[Site "Heraklio GRE"]
[Date "2008.10.28"]
[Round "9.15"]
[White "Dalschaert, Didier"]
[Black "Videbaek, Kurt"]
[Result "1/2-1/2"]
[WhiteElo "1400"]
[BlackElo "1400"]
[PlyCount "52"]
[EventDate "2008.10.18"]
[EventType "team-"]
[EventRounds "9"]
[EventCountry "GRE"]
[Source "lmi"]
[SourceDate "2008.10.19"]

1. e4 e6 2. d4 d5 3. Nd2 c5 4. exd5 Qxd5 5. dxc5 Bxc5 6. Ngf3 Nf6 7. Bc4 Qd6 8.
O-O O-O 9. Qe2 Nbd7 10. Rd1 Qc7 11. Bd3 b6 12. Ne4 Nxe4 13. Qxe4 Nf6 14. Qa4
Bb7 15. Bg5 Ne4 16. Bxe4 Bxe4 17. Qxe4 f6 18. Qxe6+ Kh8 19. Bh4 Rae8 20. Qb3
Re4 21. Bg3 Qc6 22. Qd5 Qe8 23. h3 Qg6 24. Bd6 Rd8 25. Qc6 f5 26. Qc7 Rxd6
1/2-1/2

[Event "13. Olimpiada por Equipos de Ajedrecist"]
[Site "Heraklio GRE"]
[Date "2008.10.28"]
[Round "9.15"]
[White "Hansen, Arne Mandrup"]
[Black "Dalle, Natasha"]
[Result "1/2-1/2"]
[WhiteElo "1400"]
[BlackElo "1400"]
[PlyCount "55"]
[EventDate "2008.10.18"]
[EventType "team-"]
[EventRounds "9"]
[EventCountry "GRE"]
[Source "lmi"]
[SourceDate "2008.10.19"]

1. d4 Nf6 2. Bf4 d5 3. e3 Bf5 4. Nf3 Nc6 5. c3 e6 6. Nbd2 Na5 7. b4 Nc6 8. h3
h6 9. Ne5 Nxe5 10. Bxe5 Bd6 11. Nf3 Bxe5 12. Nxe5 Ne4 13. Qc2 O-O 14. Qb2 f6
15. Nf3 Qe7 16. Rd1 Rab8 17. Bd3 e5 18. Bxe4 Bxe4 19. Qe2 c6 20. a4 Bg6 21. a5
e4 22. Nh2 f5 23. f4 Qh4+ 24. Kd2 Qf6 25. g4 Bf7 26. Rdg1 b6 27. a6 c5 28. gxf5
1/2-1/2

[Event "13. Olimpiada por Equipos de Ajedrecist"]
[Site "Heraklio GRE"]
[Date "2008.10.28"]
[Round "9.16"]
[White "Koumtsis, Argiris"]
[Black "Isaacs, William Samuel"]
[Result "1-0"]
[WhiteElo "1400"]
[BlackElo "1400"]
[PlyCount "52"]
[EventDate "2008.10.18"]
[EventType "team-"]
[EventRounds "9"]
[EventCountry "GRE"]
[Source "lmi"]
[SourceDate "2008.10.19"]

1. d4 Nf6 2. c4 e6 3. Nf3 d5 4. g3 c5 5. cxd5 Qxd5 6. Nc3 Qd8 7. Bg2 cxd4 8.
Qxd4 Nbd7 9. O-O Bc5 10. Qh4 Qc7 11. Qg5 Bf8 12. Bf4 h6 13. Bxc7 hxg5 14. Nxg5
Be7 15. Nb5 a6 16. Nd6+ Bxd6 17. Bxd6 Ng4 18. h3 Nb6 19. hxg4 Nc4 20. Bb4 f6
21. Rac1 a5 22. Bc5 Nxb2 23. Ba3 Na4 24. Ne4 Nb6 25. Nd6+ Kd7 26. Rfd1 e5 1-0